|
|
|
|
| LEADER |
01657nam a2200421 a 4500 |
| 001 |
000995534 |
| 003 |
CZ BrMZK |
| 005 |
20240408143906.0 |
| 007 |
ta |
| 008 |
010825s1996 xxka erp 000 0 engod |
| 020 |
|
|
|a 0521477751
|q (brož.)
|
| 040 |
|
|
|a BOA001
|b cze
|
| 072 |
|
7 |
|x Angličtina
|a 811.111
|2 Konspekt
|9 11
|
| 072 |
|
7 |
|a 37.016
|x Učební osnovy. Vyučovací předměty. Učebnice
|2 Konspekt
|9 22
|
| 080 |
|
|
|a 811.111
|2 MRF
|
| 080 |
|
|
|a 81'373
|2 MRF
|
| 080 |
|
|
|a (07.062)81
|2 MRF
|
| 080 |
|
|
|a (07.063)81
|2 MRF
|
| 100 |
1 |
|
|a Redman, Stuart,
|d 1950-
|7 xx0002316
|4 aut
|
| 245 |
1 |
2 |
|a A way with words :
|b resource pack 1 : vocabulary activities : lower intermediate to intermediate /
|c Stuart Redman, Robert Ellis with Brigit Viney
|
| 246 |
3 |
3 |
|a Way with words. Resource pack 1
|
| 250 |
|
|
|a 1st pub.
|
| 260 |
|
|
|a Cambridge :
|b Cambridge University Press,
|c 1996
|
| 300 |
|
|
|a vi, 89 s. :
|b il. ;
|c 30 cm +
|e 1 kompaktní disk CD-A 815
|
| 490 |
1 |
|
|a Cambridge copy collection
|
| 650 |
0 |
7 |
|a angličtina
|2 czenas
|
| 650 |
0 |
7 |
|a slovní zásoba
|2 czenas
|
| 653 |
|
|
|a jazyková úroveň A2
|
| 653 |
|
|
|a jazyková úroveň B1
|
| 655 |
|
7 |
|a jazykové učebnice, texty, příručky (A)
|7 fd600889
|2 czenas
|
| 655 |
|
7 |
|a jazykové učebnice, texty, příručky (B)
|7 fd600891
|2 czenas
|
| 700 |
1 |
|
|a Ellis, Robert
|7 xx0019109
|4 aut
|
| 700 |
1 |
|
|a Viney, Brigit
|7 xx0019110
|4 aut
|
| 830 |
|
0 |
|a Cambridge copy collection
|
| 910 |
|
|
|a BOA001
|b AK-0002.397,1
|
| 990 |
|
|
|a BK
|
| 991 |
|
|
|b 201002
|y British Council Brno - Czech Republic
|z 000044107
|x 99
|
| 996 |
7 |
|
|b 261E006417
|c AK-0002.397,1
|l Anglická knihovna/2.patro
|r ZHR
|n 1
|h SV
|w 000995534
|u 000020
|a 0
|e BOA001
|j MZK50
|s A
|